| 000 -LEADER |
| fixed length control field |
00936nam a22002417a 4500 |
| 001 - CONTROL NUMBER |
| control field |
020098176 |
| 003 - CONTROL NUMBER IDENTIFIER |
| control field |
OSt |
| 005 - DATE AND TIME OF LATEST TRANSACTION |
| control field |
20251113083438.0 |
| 008 - FIXED-LENGTH DATA ELEMENTS--GENERAL INFORMATION |
| fixed length control field |
251113b ||||| |||| 00| 0 eng d |
| 020 ## - INTERNATIONAL STANDARD BOOK NUMBER |
| Canceled/invalid ISBN |
9781444959970 |
| 040 ## - CATALOGING SOURCE |
| Transcribing agency |
KH8 |
| 082 04 - DEWEY DECIMAL CLASSIFICATION NUMBER |
| Classification number |
823.912 BLY |
| 100 1# - MAIN ENTRY--PERSONAL NAME |
| Personal name |
Blyton, Enid |
| Relator term |
author |
| 245 10 - TITLE STATEMENT |
| Title |
Joe and the magic snowman |
| Statement of responsibility, etc. |
Enid Blyton |
| 264 #1 - PRODUCTION, PUBLICATION, DISTRIBUTION, MANUFACTURE, AND COPYRIGHT NOTICE |
| Place of production, publication, distribution, manufacture |
50 Victoria Embankment London EC4Y 0DZ |
| Name of producer, publisher, distributor, manufacturer |
Hodder Children's Books |
| Date of production, publication, distribution, manufacture, or copyright notice |
2021 |
| 300 ## - PHYSICAL DESCRIPTION |
| Extent |
103 pages |
| Other physical details |
colour illustrations |
| 520 ## - SUMMARY, ETC. |
| Summary, etc. |
When Joe is whisked up to the Land of Ice and Snow, he meets a rather bossy snowman, who is determined to make Joe his servant! Can Moon-Face, Frannie and Beth rescue Joe, with the help of their new friends, Goldilocks and the Three Bears? |
| 650 #7 - SUBJECT ADDED ENTRY--TOPICAL TERM |
| Topical term or geographic name entry element |
Juvenile Fiction |
| Source of heading or term |
Adventure |
| 650 #7 - SUBJECT ADDED ENTRY--TOPICAL TERM |
| Topical term or geographic name entry element |
Juvenile Fiction |
| Source of heading or term |
Fantasy & Magic |
| 650 #7 - SUBJECT ADDED ENTRY--TOPICAL TERM |
| Topical term or geographic name entry element |
Adventure stories |
| Source of heading or term |
Children |
| 655 #0 - INDEX TERM--GENRE/FORM |
| Genre/form data or focus term |
Juvenile Literature |
| 942 ## - ADDED ENTRY ELEMENTS (KOHA) |
| Source of classification or shelving scheme |
|
| Koha item type |
Books - Fiction |